000
00191 a2200097 4500
020
_a
9780060951290
041
_a
spa
100
_a
Isabel Allende
245
_a
De Amor y de Sombra
942
_c
BK
999
_c
14736
_d
14736